Baseball Players by Photo #3 - Statistics

General Stats
  • This quiz has been taken 76 times
  • The average score is 14 of 20
Answer Stats
Picture Answer % Correct
Chipper Jones
92%
Shohei Ohtani
92%
Ozzie Smith
89%
Ted Williams
89%
Ty Cobb
84%
Sandy Koufax
83%
Félix Hernández
80%
Stan Musial
80%
Buster Posey
78%
Christian Yelich
77%
Joe DiMaggio
72%
Brooks Robinson
66%
Evan Longoria
63%
Trevor Hoffman
59%
Curt Schilling
55%
Harmon Killebrew
55%
Joe Morgan
53%
Jim Palmer
48%
Francisco Rodríguez
42%
Nap Lajoie
30%
No matching quizzes found
Score Distribution
Percent of People with Each Score
Percentile by Number Answered
Your Score History
You have not taken this quiz